Economics of social issues / (Record no. 58058)
[ view plain ]
| 000 -LEADER | |
|---|---|
| fixed length control field | 00900nam a2200301 a 4500 |
| 001 - CONTROL NUMBER | |
| control field | 58058 |
| 003 - CONTROL NUMBER IDENTIFIER | |
| rucl marc code | BD-RjUL |
| 005 - DATE AND TIME OF LATEST TRANSACTION | |
| control field | 20211209080601.0 |
| 008 - FIXED-LENGTH DATA ELEMENTS--GENERAL INFORMATION | |
| fixed length control field | 161215s1988 enka b 001 0 eng |
| 020 ## - INTERNATIONAL STANDARD BOOK NUMBER | |
| International Standard Book Number | 0256061734 |
| 035 ## - SYSTEM CONTROL NUMBER | |
| System control number | (BD-RjUL)58182 |
| 040 ## - CATALOGING SOURCE | |
| Original cataloging agency | DLC |
| Transcribing agency | DLC |
| Modifying agency | BD-RjUL |
| Language of cataloging | eng |
| 041 ## - LANGUAGE CODE | |
| Language code of text/sound track or separate title | eng |
| 082 00 - DEWEY DECIMAL CLASSIFICATION NUMBER | |
| Classification number | 330 |
| Edition number | 23 |
| Author mark and year | SHE 1988 |
| 100 1# - MAIN ENTRY--PERSONAL NAME | |
| Personal name | Sharp, Ansel Miree, |
| 9 (RLIN) | 6353 |
| 245 10 - TITLE STATEMENT | |
| Title | Economics of social issues / |
| Statement of responsibility, etc. | Richard H. Leftwich, Ansel M. Sharp. ;Charles A Register |
| 250 ## - EDITION STATEMENT | |
| Edition statement | 8th ed. |
| 260 ## - PUBLICATION, DISTRIBUTION, ETC. (IMPRINT) | |
| Place of publication, distribution, etc. | Plano, Tex. : |
| Name of publisher, distributor, etc. | Business Publications, |
| Date of publication, distribution, etc. | c1988 |
| 300 ## - PHYSICAL DESCRIPTION | |
| Pagination | xi, 431 p. : |
| Illustrations | ill. ; |
| Size | 24 cm. |
| 504 ## - BIBLIOGRAPHY, ETC. NOTE | |
| Bibliography, etc | Includes bibliographies and index. |
| 526 ## - STUDY PROGRAM INFORMATION NOTE | |
| Requested Dept. | SOCIOLOGY |
| 650 #0 - SUBJECT ADDED ENTRY--TOPICAL TERM | |
| Topical term or geographic name as entry element | Economics. |
| 9 (RLIN) | 6354 |
| Topical term or geographic name as entry element | Social problems. |
| 9 (RLIN) | 6355 |
| 700 1# - ADDED ENTRY--PERSONAL NAME | |
| Personal name | Leftwich, Richard H. |
| Personal name | Register, Charles A |
| 942 ## - ADDED ENTRY ELEMENTS (KOHA) | |
| Source of classification or shelving scheme | Dewey Decimal Classification |
| Koha item type | Books |
| Lost status | Source of classification or shelving scheme | Damaged status | Not for loan | Collection code | Permanent Location | Current Location | Shelving location | Date acquired | Source of acquisition | Total Checkouts | Full call number | Date last seen | Copy number | Koha item type |
|---|---|---|---|---|---|---|---|---|---|---|---|---|---|---|
| Dewey Decimal Classification | Not For Loan | Non-fiction | Central Library, University of Rajshahi | Central Library, University of Rajshahi | Reading Room | 19/06/1991 | Asia foundation | 330 SHE 1988 | 15/12/2016 | C-1 | Books |